|
|
|
|
| LEADER |
01330nab a2200373 i 4500 |
| 001 |
publ13033 |
| 005 |
20200213150439.0 |
| 008 |
180227s2017 hu o 0|| zxx d |
| 022 |
|
|
|a 0945-6317
|
| 024 |
7 |
|
|a 10.1007/s00428-017-2158-3
|2 doi
|
| 024 |
7 |
|
|a 3223945
|2 mtmt
|
| 040 |
|
|
|a SZTE Publicatio Repozitórium
|b hun
|
| 041 |
|
|
|a zxx
|
| 100 |
1 |
|
|a Grolmusz Vince Kornél
|
| 245 |
1 |
0 |
|a MEN1 mutations and potentially MEN1-targeting miRNAs are responsible for menin deficiency in sporadic and MEN1 syndrome-associated primary hyperparathyroidism
|h [elektronikus dokumentum] /
|c Grolmusz Vince Kornél
|
| 260 |
|
|
|a Springer-Verlag
|c 2017
|
| 300 |
|
|
|a 401-411
|
| 490 |
0 |
|
|a VIRCHOWS ARCHIV
|v 471 No. 3
|
| 700 |
0 |
1 |
|a Borka Katalin
|e aut
|
| 700 |
0 |
1 |
|a Kövesdi Annamária
|e aut
|
| 700 |
0 |
1 |
|a Németh Kinga
|e aut
|
| 700 |
0 |
1 |
|a Balogh Katalin
|e aut
|
| 700 |
0 |
1 |
|a Dékány Csaba
|e aut
|
| 700 |
0 |
1 |
|a Kiss András
|e aut
|
| 700 |
0 |
1 |
|a Szentpéteri Anna
|e aut
|
| 700 |
0 |
1 |
|a Sármán Beatrix
|e aut
|
| 700 |
0 |
1 |
|a Somogyi Anikó
|e aut
|
| 700 |
0 |
1 |
|a Csajbók Éva
|e aut
|
| 700 |
0 |
1 |
|a Valkusz Zsuzsanna
|e aut
|
| 700 |
0 |
1 |
|a Tóth Miklós
|e aut
|
| 700 |
0 |
1 |
|a Igaz Péter
|e aut
|
| 700 |
0 |
1 |
|a Rácz Károly
|e aut
|
| 700 |
0 |
1 |
|a Patócs Attila Balázs
|e aut
|
| 856 |
4 |
0 |
|u http://publicatio.bibl.u-szeged.hu/13033/1/3223945_Grolmusz.pdf
|z Dokumentum-elérés
|